Kenya : a geomedical monograph /

Bibliographic Details
Main Authors: Diesfeld, Hans Jochen, Hecklau, H. K., 1930- (Author)
Corporate Author: SpringerLink (Online service)
Format: eBook
Language:English
Published: Berlin ; New York : Springer-Verlag, [1978]
Series:Medizinische Landerkunde ; 5.
Subjects:
Online Access:Connect to the full text of this electronic book

MARC

Tag First Indicator Second Indicator Subfields
LEADER 00000cam a2200000Ki 4500
001 in00003551920
006 m o d
007 cr cnu---unuuu
008 140711s1978 gw abf ob 001 0 eng d
005 20260422215350.1
020 |a 9783642669354 (electronic bk.) 
020 |a 3642669352 (electronic bk.) 
020 |z 038708729X 
020 |z 9780387087290 
020 |z 354008729X 
020 |z 9783540087298 
024 7 |a 10.1007/978-3-642-66935-4  |2 doi 
035 |a (OCoLC)883383373 
040 |a GW5XE  |b eng  |e rda  |e pn  |c GW5XE  |d UtOrBLW 
041 1 |a eng  |h ger 
043 |a f-ke--- 
049 |a TXAM 
050 4 |a RA949.K4  |b D53 1978eb 
060 1 4 |a W1  |b ME825N Nr.5 1978 
060 1 4 |a WB 710  |b D564k 1978 
082 0 4 |a 362.1/09676/2  |2 22 
084 |a 17a  |2 sdnb 
084 |a 44.73  |2 bcl 
100 1 |a Diesfeld, Hans Jochen. 
245 1 0 |a Kenya :  |b a geomedical monograph /  |c by H.J. Diesfeld and H.K. Hecklau ; English translation, J.A. Hellen and I.F. Hellen. 
264 1 |a Berlin ;  |a New York :  |b Springer-Verlag,  |c [1978] 
264 4 |c ©1978 
300 |a 1 online resource (134 pages, 10 unnumbered pages folded leaves of plates) :  |b illustrations, folded maps (9 color). 
336 |a text  |b txt  |2 rdacontent 
337 |a computer  |b c  |2 rdamedia 
338 |a online resource  |b cr  |2 rdacarrier 
490 1 |a Geomedical monograph series ;  |v 5 
504 |a Includes bibliographical references (pages [107]-112) and index. 
588 |a Description based on print version record. 
650 0 |a Medical geography  |z Kenya. 
650 2 |a Epidemiology  |z Kenya. 
650 0 7 |a Geomedizin.  |2 swd 
651 7 |a Kenia.  |2 swd 
650 7 |a Medical geography.  |2 fast  |0 (OCoLC)fst01014152 
651 7 |a Kenya.  |2 fast  |0 (OCoLC)fst01208718 
655 7 |a Electronic books.  |2 local 
700 1 |a Hecklau, H. K.,  |d 1930-  |e author. 
710 2 |a SpringerLink (Online service) 
776 1 8 |i Print version:  |a Diesfeld, Hans Jochen.  |t Kenya  |z 038708729X  |w (DLC) 78005516  |w (OCoLC)3844714 
830 0 |a Medizinische Landerkunde ;  |v 5. 
856 4 0 |u http://proxy.library.tamu.edu/login?url=https://link.springer.com/10.1007/978-3-642-66935-4  |z Connect to the full text of this electronic book  |t 0 
994 |a 92  |b TXA 
999 |a MARS 
999 f f |s b8ba292e-6c2f-3037-b989-4fd54a8e9969  |i dda8dec2-a0bf-3cd9-b8f3-e458b34f4aab  |t 0 
952 f f |a Texas A&M University  |b College Station  |c Electronic Resources  |s www_evans  |d Available Online  |t 0  |e RA949.K4 D53 1978eb  |h Library of Congress classification 
998 f f |a RA949.K4 D53 1978eb  |t 0  |l Available Online